[Event "Charleville Mezieres op 14th"]
[Site "Charleville Mezieres"]
[Date "2017.12.26"]
[Round "6"]
[White "Halfaoui, Eddine"]
[Black "Rouffignac, Tanguy"]
[Result "0-1"]
[WhiteElo "2005"]
[BlackElo "2274"]
[PlyCount "126"]
[EventDate "2017.12.26"]
[EventType "swiss"]
[EventRounds "7"]
[EventCountry "FRA"]
[SourceTitle "CBM 182 Extra"]
[Source "ChessBase"]
[SourceDate "2018.02.23"]
[SourceVersion "1"]
[SourceVersionDate "2018.02.23"]
[SourceQuality "1"]

1. d4 Nf6 2. Nf3 g6 3. g3 Bg7 4. Bg2 0-0 5. 0-0 d6 6. c4 a6 7. Nc3 Nc6 8. a3 Rb8 9. d5 Na5 10. Nd2 b5 11. cxb5 axb5 12. Qc2 e6 13. Rb1 exd5 14. Nxd5 Nxd5 15. Bxd5 Bf5 16. Be4 Bxe4 17. Nxe4 Re8 18. Bg5 f6 19. Bd2 Nc4 20. Bc3 Qe7 21. Nd2 Qxe2 22. Rbe1 Qxe1 23. Rxe1 Rxe1+ 24. Kg2 Nxd2 25. Bxd2 Re7 26. Ba5 Kh8 27. Qc6 f5 28. b3 Bd4 29. Qd5 Be5 30. Bd2 Kg7 31. h4 h5 32. Bc1 Bf6 33. Qd2 Rbe8 34. Qh6+ Kf7 35. Qh7+ Bg7 36. Bh6 Rg8 37. Kf3 d5 38. Bxg7 Rxg7 39. Qh8 Re8 40. Qh6 Kg8 41. Qd2 c6 42. Qc3 Re6 43. a4 bxa4 44. bxa4 Rd7 45. a5 d4 46. Qd3 c5 47. a6 Ra7 48. Qc4 Raxa6 49. Qxc5 Rad6 50. Qc8+ Kf7 51. Qc7+ Ke8 52. Qb8+ Ke7 53. Qb7+ Rd7 54. Qb4+ Kf7 55. Qb5 Red6 56. Qd3 Kg7 57. Kf4 Rc6 58. Qb5 Rcd6 59. Qe5+ Kh6 60. Qe2 d3 61. Qd2 Rc6 62. f3 Rc2 63. Qd1 d2 0-1

[Event "Charleville Mezieres op 14th"]
[Site "Charleville Mezieres"]
[Date "2017.12.26"]
[Round "4"]
[White "Van Malder, Dries"]
[Black "Halfaoui, Eddine"]
[Result "1-0"]
[WhiteElo "2018"]
[BlackElo "2005"]
[PlyCount "55"]
[EventDate "2017.12.26"]
[EventType "swiss"]
[EventRounds "7"]
[EventCountry "FRA"]
[SourceTitle "CBM 182 Extra"]
[Source "ChessBase"]
[SourceDate "2018.02.23"]
[SourceVersion "1"]
[SourceVersionDate "2018.02.23"]
[SourceQuality "1"]

1. d4 d5 2. c4 c6 3. Nf3 Nf6 4. e3 a6 5. Nc3 e6 6. Qc2 Be7 7. b3 Nbd7 8. Bb2 0-0 9. Bd3 c5 10. cxd5 cxd4 11. Nxd4 exd5 12. 0-0 Nc5 13. Be2 Bd6 14. Rad1 Bg4 15. Nf5 Bxf5 16. Qxf5 Qc7 17. Nxd5 Nxd5 18. Rxd5 Ne6 19. Bd3 Rfd8 20. Qxh7+ Kf8 21. Rc1 Qb6 22. Bc4 Rac8 23. g3 Qc6 24. Rcd1 Ke7 25. Bxg7 b5 26. Qh4+ Ke8 27. Qh8+ Ke7 28. Bf6+ 1-0

[Event "FRA-chT4 1516"]
[Site "Champagne Ardennes"]
[Date "2016.03.14"]
[Round "?"]
[White "Halfaoui, Eddine"]
[Black "Massart, Jeremy"]
[Result "1/2-1/2"]
[WhiteElo "2006"]
[BlackElo "1972"]
[PlyCount "88"]
[EventDate "2015.12.06"]
[EventType "team-tourn"]
[EventRounds "7"]
[EventCountry "FRA"]
[SourceTitle "EXT 2024"]
[Source "ChessBase"]
[SourceDate "2023.10.10"]
[SourceVersion "1"]
[SourceVersionDate "2023.10.10"]
[SourceQuality "1"]

1. d4 Nf6 2. Nf3 c5 3. d5 d6 4. c4 b5 5. cxb5 a6 6. b6 Bg4 7. Nc3 Nbd7 8. b7 Ra7 9. e4 Qb8 10. Be2 g6 11. h3 Bxf3 12. Bxf3 Qxb7 13. 0-0 Bg7 14. Qc2 0-0 15. a4 Rb8 16. a5 Ne8 17. Na4 Nc7 18. Bg4 Nf8 19. Nb6 Nb5 20. Be3 h5 21. Be2 Nd7 22. Nxd7 Qxd7 23. Ra2 Nd4 24. Bxd4 Bxd4 25. b3 Qb7 26. Bc4 Qb4 27. Kh1 Qc3 28. Qxc3 Bxc3 29. f4 f6 30. Rf3 Bd4 31. Kh2 Kg7 32. Rd2 Rab7 33. Rd1 Bb2 34. Kg3 Bd4 35. Rfd3 Bb2 36. Kf3 Ra7 37. R1d2 Ba3 38. Ra2 Bb4 39. Ke2 Kf7 40. Re3 Raa8 41. Kd3 Re8 42. e5 f5 43. g4 hxg4 44. hxg4 fxg4 1/2-1/2

[Event "FRA-chT4 1516"]
[Site "Champagne Ardennes"]
[Date "2016.01.10"]
[Round "4"]
[White "Halfaoui, Eddine"]
[Black "Rapinel, Franck"]
[Result "1/2-1/2"]
[WhiteElo "2006"]
[BlackElo "2120"]
[PlyCount "126"]
[EventDate "2015.12.06"]
[EventType "team-tourn"]
[EventRounds "7"]
[EventCountry "FRA"]
[SourceTitle "EXT 2024"]
[Source "ChessBase"]
[SourceDate "2023.10.10"]
[SourceVersion "1"]
[SourceVersionDate "2023.10.10"]
[SourceQuality "1"]

1. d4 d5 2. Nf3 c6 3. g3 Bf5 4. Bg2 e6 5. 0-0 Nf6 6. c3 Nbd7 7. Nbd2 Be7 8. Re1 Ne4 9. Nxe4 Bxe4 10. Nd2 Bxg2 11. Kxg2 Nf6 12. e4 dxe4 13. Nxe4 Qd5 14. Qf3 Nxe4 15. Qxe4 0-0 16. Bf4 b5 17. b3 Rfd8 18. Qxd5 cxd5 19. Bc7 Rdc8 20. Ba5 Rc6 21. a3 Rac8 22. Reb1 Ra6 23. Bb4 Kf8 24. a4 Bxb4 25. cxb4 bxa4 26. bxa4 Rb6 27. b5 a6 28. bxa6 Rxa6 29. a5 Rc4 30. Rd1 Rb4 31. Rd2 Ke7 32. Kf3 Kd6 33. Ke3 f6 34. Rc2 Rb3+ 35. Ke2 e5 36. dxe5+ fxe5 37. Rc8 d4 38. Rg8 Rb7 39. Kd3 Rba7 40. f4 exf4 41. gxf4 Rxa5 42. Rxa5 Rxa5 43. Rxg7 Rh5 44. Kxd4 Rxh2 45. Ke4 Ke6 46. Rg8 h5 47. Rg6+ Kf7 48. Kf5 Ra2 49. Rf6+ Kg7 50. Rb6 Ra5+ 51. Ke4 h4 52. Kf3 Ra3+ 53. Kg4 h3 54. Rb2 Kg6 55. Rh2 Rb3 56. Rxh3 Rxh3 57. Kxh3 Kf5 58. Kg3 Kf6 59. Kf2 Kf5 60. Ke3 Kf6 61. Kf3 Kf5 62. Ke3 Kf6 63. f5 Kxf5 1/2-1/2

[Event "FRA-chT4 1314"]
[Site "Champagne Ardennes"]
[Date "2014.01.12"]
[Round "4"]
[White "Halfaoui, Eddine"]
[Black "Masera, Michel"]
[Result "0-1"]
[WhiteElo "1900"]
[BlackElo "1845"]
[PlyCount "82"]
[EventDate "2013.10.25"]
[EventType "team-tourn"]
[EventRounds "7"]
[EventCountry "FRA"]
[SourceTitle "EXT 2024"]
[Source "ChessBase"]
[SourceDate "2023.10.10"]
[SourceVersion "1"]
[SourceVersionDate "2023.10.10"]
[SourceQuality "1"]

1. e4 c5 2. Nf3 Nc6 3. d4 cxd4 4. Nxd4 Nf6 5. Nc3 e5 6. Ndb5 d6 7. Bg5 a6 8. Na3 b5 9. Nd5 Be7 10. Bxf6 Bxf6 11. c3 0-0 12. Nc2 Bg5 13. a4 bxa4 14. Rxa4 a5 15. Bc4 Rb8 16. b3 Kh8 17. 0-0 f5 18. exf5 Bxf5 19. Nce3 Bg6 20. Qe2 e4 21. Qa2 Rb7 22. Ba6 Rb8 23. Bc4 Bh4 24. b4 axb4 25. cxb4 Ne5 26. Ra7 Ra8 27. Rxa8 Qxa8 28. Qxa8 Rxa8 29. b5 Nxc4 30. Nxc4 Bf7 31. Nce3 Bd8 32. b6 h6 33. h3 Rb8 34. Rb1 Kg8 35. Kh2 Rb7 36. Kg3 g5 37. f3 exf3 38. Kxf3 Kh7 39. Ke4 Bg6+ 40. Kd4 Bxb1 41. Nc4 Ba2 0-1

[Event "Charleville Mezieres op 11th"]
[Site "Charleville Mezieres"]
[Date "2014.??.??"]
[Round "1"]
[White "Halfaoui, Eddine"]
[Black "Mondeel, Paul"]
[Result "1-0"]
[WhiteElo "1935"]
[BlackElo "1531"]
[PlyCount "115"]
[EventDate "2014.12.26"]
[EventType "swiss"]
[EventRounds "7"]
[EventCountry "FRA"]
[SourceTitle "CBM 164 Extra"]
[Source "ChessBase"]
[SourceDate "2015.03.02"]
[SourceVersion "1"]
[SourceVersionDate "2015.03.02"]
[SourceQuality "1"]

1. d4 d5 2. Nf3 e6 3. Bf4 Nf6 4. e3 Be7 5. Bd3 b6 6. Nbd2 0-0 7. h3 Ba6 8. Qe2 Bxd3 9. Qxd3 Nbd7 10. 0-0 c5 11. c3 c4 12. Qc2 b5 13. e4 dxe4 14. Nxe4 Nxe4 15. Qxe4 Nf6 16. Qe2 Qd5 17. Ne5 Rfc8 18. Rac1 a5 19. Bg5 h6 20. Bh4 Bd8 21. Rfe1 Nd7 22. Bg3 Nxe5 23. Bxe5 Bc7 24. Qg4 Bxe5 25. Rxe5 Qd8 26. f4 Qd7 27. Rce1 b4 28. R1e3 bxc3 29. bxc3 Ra6 30. d5 Rd8 31. Qh5 Rf8 32. Kh2 exd5 33. Rxd5 Qc6 34. Rxa5 Rb6 35. Rg3 Qf6 36. Qg4 Qg6 37. Qf3 Qc6 38. Qg4 Qg6 39. Qe2 Qf6 40. Qxc4 Rc6 41. Qd4 Qxd4 42. cxd4 Rd8 43. d5 Rcd6 44. Rd3 Kf8 45. Kg3 f5 46. Kf3 Kf7 47. g3 Kf6 48. Ke3 g5 49. Kd4 Rc6 50. Re3 Rcd6 51. Re5 h5 52. Ra7 R6d7 53. Rxd7 Rxd7 54. Re6+ Kg7 55. fxg5 Ra7 56. Ke5 Rxa2 57. Kxf5 Ra5 58. Ke5 1-0

[Event "Charleville Mezieres op 11th"]
[Site "Charleville Mezieres"]
[Date "2014.??.??"]
[Round "5"]
[White "Halfaoui, Eddine"]
[Black "Rouffignac, Tanguy"]
[Result "1/2-1/2"]
[WhiteElo "1935"]
[BlackElo "2265"]
[PlyCount "86"]
[EventDate "2014.12.26"]
[EventType "swiss"]
[EventRounds "7"]
[EventCountry "FRA"]
[SourceTitle "CBM 164 Extra"]
[Source "ChessBase"]
[SourceDate "2015.03.02"]
[SourceVersion "1"]
[SourceVersionDate "2015.03.02"]
[SourceQuality "1"]

1. d4 Nf6 2. Nf3 g6 3. Bf4 Bg7 4. e3 0-0 5. Be2 d6 6. h3 c5 7. c3 cxd4 8. exd4 Qb6 9. Qb3 Be6 10. Qxb6 axb6 11. a3 Nc6 12. 0-0 Na5 13. Nbd2 Rfc8 14. Rfe1 Kf8 15. Bd3 Rc7 16. Re2 Nh5 17. Be3 f5 18. Bg5 Bf7 19. g4 fxg4 20. hxg4 Nf6 21. Bxf6 exf6 22. Rae1 Re8 23. Rxe8+ Bxe8 24. Re6 d5 25. Rxb6 Ke7 26. Bb5 Nc6 27. Nb3 Bh6 28. Ne1 Bd7 29. f3 Be3+ 30. Kg2 h5 31. gxh5 gxh5 32. Nd3 h4 33. Nbc5 Bc8 34. Bxc6 bxc6 35. Na6 Ra7 36. Nab4 Ke8 37. Rxc6 Rg7+ 38. Kh2 Bd7 39. Rb6 h3 40. Rb8+ Kf7 41. Rb7 Rg2+ 42. Kh1 Rg1+ 43. Kh2 Rg2+ 1/2-1/2

[Event "FRA-chT4 1314"]
[Site "Champagne Ardennes"]
[Date "2013.10.13"]
[Round "1"]
[White "Meunier, Samuel"]
[Black "Halfaoui, Eddine"]
[Result "0-1"]
[WhiteElo "1935"]
[BlackElo "1891"]
[PlyCount "52"]
[EventDate "2013.10.25"]
[EventType "team-tourn"]
[EventRounds "7"]
[EventCountry "FRA"]
[SourceTitle "EXT 2024"]
[Source "ChessBase"]
[SourceDate "2023.10.10"]
[SourceVersion "1"]
[SourceVersionDate "2023.10.10"]
[SourceQuality "1"]

1. e4 e6 2. d4 d5 3. e5 c5 4. c3 Nc6 5. Ne2 Nge7 6. Nd2 Bd7 7. Nf3 Nf5 8. Ng3 Nh4 9. Nxh4 Qxh4 10. Bb5 cxd4 11. 0-0 Bc5 12. f4 dxc3+ 13. Kh1 0-0 14. bxc3 Nxe5 15. fxe5 Bxb5 16. Rf4 Qe7 17. Qh5 Bd3 18. Bd2 f6 19. Qf3 Bg6 20. exf6 Rxf6 21. Re1 Rxf4 22. Qxf4 Bd6 23. Qg4 Re8 24. h4 Qc7 25. Nh5 Bxh5 26. Qxh5 Qf7 0-1

[Event "FRA-chT4 1011"]
[Site "Champagne Ardennes"]
[Date "2010.11.14"]
[Round "2"]
[White "Vedovotto, Nicolas"]
[Black "Halfaoui, Eddine"]
[Result "1/2-1/2"]
[WhiteElo "2050"]
[BlackElo "1818"]
[PlyCount "95"]
[EventDate "2010.10.10"]
[EventType "team-tourn"]
[EventRounds "7"]
[EventCountry "FRA"]
[SourceTitle "EXT 2024"]
[Source "ChessBase"]
[SourceDate "2023.10.10"]
[SourceVersion "1"]
[SourceVersionDate "2023.10.10"]
[SourceQuality "1"]

1. Nc3 e5 2. Nf3 Nc6 3. d4 exd4 4. Nxd4 d5 5. Bf4 a6 6. e3 Nf6 7. Qd2 Bb4 8. f3 0-0 9. 0-0-0 Nxd4 10. exd4 c6 11. a3 Be7 12. Bd3 b5 13. Ne2 Qb6 14. Bg5 a5 15. Rhe1 c5 16. Nf4 Be6 17. dxc5 Qc6 18. Qe2 b4 19. Nxe6 bxa3 20. bxa3 fxe6 21. Qxe6+ Qxe6 22. Rxe6 Bxc5 23. Kb2 Rab8+ 24. Ka2 Bd4 25. Bc1 Bc3 26. a4 d4 27. Bc4 Kh8 28. Bb3 Nd7 29. Re7 Nc5 30. Bd2 Bxd2 31. Rxd2 d3 32. Re5 Rfc8 33. Ka3 h6 34. Re1 Nxb3 35. cxb3 Rc3 36. Rb1 Kh7 37. Ka2 Kg6 38. Rdb2 Rb7 39. Rd1 Rb8 40. Re1 Kf6 41. g3 Rd8 42. b4 axb4 43. Rxb4 d2 44. Rd1 Rxf3 45. Kb2 Rf2 46. Rf4+ Rxf4 47. gxf4 Rd4 48. a5 1/2-1/2

[Event "Champagne Ardenne op 5th"]
[Site "Champagne Ardenne"]
[Date "2009.05.02"]
[Round "5"]
[White "Bricard, Herve"]
[Black "Halfaoui, Eddine"]
[Result "1-0"]
[WhiteElo "2067"]
[BlackElo "1831"]
[PlyCount "53"]
[EventDate "2009.05.01"]
[EventType "swiss"]
[EventRounds "7"]
[EventCountry "FRA"]
[SourceTitle "EXT 2010"]
[Source "ChessBase"]
[SourceDate "2010.11.25"]
[SourceVersion "1"]
[SourceVersionDate "2010.11.25"]
[SourceQuality "1"]

1. e4 e6 2. d4 d5 3. e5 c5 4. c3 Nc6 5. Nf3 cxd4 6. cxd4 Nge7 7. Na3 Bd7 8. Nc2 Ng6 9. h4 Nb4 10. Nxb4 Bxb4+ 11. Bd2 Qa5 12. h5 Ne7 13. a3 Bxd2+ 14. Qxd2 Qxd2+ 15. Kxd2 Rc8 16. Bd3 Nc6 17. b4 Ke7 18. h6 g6 19. Rac1 a6 20. Ke3 Nd8 21. Rxc8 Bxc8 22. Rc1 Nc6 23. Nh2 f5 24. f4 Kf7 25. Nf3 Re8 26. Ng5+ Kf8 27. Bxa6 1-0

[Event "Champagne Ardenne op 5th"]
[Site "Champagne Ardenne"]
[Date "2009.05.01"]
[Round "1"]
[White "Halfaoui, Eddine"]
[Black "Blond Hanten, Elsa"]
[Result "1-0"]
[WhiteElo "1831"]
[BlackElo "1328"]
[PlyCount "29"]
[EventDate "2009.05.01"]
[EventType "swiss"]
[EventRounds "7"]
[EventCountry "FRA"]
[SourceTitle "EXT 2010"]
[Source "ChessBase"]
[SourceDate "2010.11.25"]
[SourceVersion "1"]
[SourceVersionDate "2010.11.25"]
[SourceQuality "1"]

1. e4 e5 2. Nf3 Nc6 3. Bc4 Bc5 4. Nc3 Nf6 5. d3 0-0 6. Bg5 h6 7. Bh4 d6 8. Qd2 Bb4 9. a3 Ba5 10. b4 Bb6 11. Nd5 Re8 12. Nxf6+ gxf6 13. Qxh6 Qd7 14. Bxf6 Qg4 15. Qh8# 1-0

[Event "Hainaut-ch"]
[Site "Manage"]
[Date "2008.08.23"]
[Round "2.14"]
[White "Chevry, Philippe"]
[Black "Halfaoui, Eddine"]
[Result "1-0"]
[WhiteElo "1723"]
[BlackElo "1876"]
[PlyCount "55"]
[EventDate "2008.08.23"]
[EventType "swiss"]
[EventRounds "9"]
[EventCountry "BEL"]
[SourceTitle "EXT 2024"]
[Source "ChessBase"]
[SourceDate "2023.10.10"]
[SourceVersion "1"]
[SourceVersionDate "2023.10.10"]
[SourceQuality "1"]

1. d4 Nf6 2. c4 g6 3. Nc3 d6 4. e4 Bg7 5. h3 0-0 6. Bg5 Nbd7 7. Qd2 e5 8. d5 a6 9. Bd3 Qe8 10. Nge2 Rb8 11. Ng3 Nc5 12. Bc2 Bd7 13. a4 b5 14. axb5 axb5 15. cxb5 Bxb5 16. b4 Nb7 17. Nxb5 Qxb5 18. Bd3 Qd7 19. 0-0 Ra8 20. Qc3 Nxd5 21. exd5 e4 22. Bf6 Bxf6 23. Qxf6 exd3 24. Ne4 Rxa1 25. Qxa1 Qe7 26. Nf6+ Kg7 27. Ne8+ Kh6 28. Qg7+ 1-0

[Event "Hainaut-ch"]
[Site "Manage"]
[Date "2008.08.23"]
[Round "9.14"]
[White "Ponnet, Geerard"]
[Black "Halfaoui, Eddine"]
[Result "1/2-1/2"]
[WhiteElo "1512"]
[BlackElo "1876"]
[PlyCount "45"]
[EventDate "2008.08.23"]
[EventType "swiss"]
[EventRounds "9"]
[EventCountry "BEL"]
[SourceTitle "EXT 2024"]
[Source "ChessBase"]
[SourceDate "2023.10.10"]
[SourceVersion "1"]
[SourceVersionDate "2023.10.10"]
[SourceQuality "1"]

1. c4 c5 2. g3 Nc6 3. Nc3 Nf6 4. Bg2 e6 5. Nf3 Be7 6. e3 0-0 7. d4 cxd4 8. exd4 d6 9. 0-0 a6 10. a3 h6 11. b4 Rb8 12. Re1 d5 13. c5 b5 14. Bf4 Rb7 15. Ne5 Bd7 16. Ra2 Nh7 17. h4 Bf6 18. Nxc6 Bxc6 19. Bd6 Be7 20. Bxe7 Rxe7 21. a4 Qd7 22. axb5 axb5 23. Ra5 1/2-1/2

[Event "Charleville Mezieres op 5th"]
[Site "Charleville Mezieres"]
[Date "2008.??.??"]
[Round "3"]
[White "Hacene, Ahmed"]
[Black "Halfaoui, Eddine"]
[Result "1-0"]
[WhiteElo "1709"]
[BlackElo "1867"]
[PlyCount "105"]
[EventDate "2008.12.26"]
[EventType "swiss"]
[EventRounds "7"]
[EventCountry "FRA"]
[SourceTitle "CBM 128 Extra"]
[Source "ChessBase"]
[SourceDate "2009.03.05"]
[SourceVersion "2"]
[SourceVersionDate "2009.03.25"]
[SourceQuality "1"]

1. d4 d6 2. Nf3 g6 3. e4 Bg7 4. c3 Nf6 5. Bd3 0-0 6. h3 Nc6 7. Be3 e5 8. d5 Ne7 9. Qd2 Bd7 10. g4 Nxe4 11. Bxe4 f5 12. Bxf5 gxf5 13. Bh6 Rf6 14. Bxg7 Kxg7 15. gxf5 Bxf5 16. Rg1+ Rg6 17. Rxg6+ Nxg6 18. Na3 Qf6 19. 0-0-0 Nf4 20. Rg1+ Bg6 21. h4 Nd3+ 22. Qxd3 Re8 23. h5 e4 24. Qd4 exf3 25. Qxf6+ Kxf6 26. hxg6 hxg6 27. Nc2 Re2 28. Rf1 Ke5 29. Nd4 Re4 30. Nxf3+ Kxd5 31. Kd2 Ra4 32. a3 Rf4 33. Ke3 Rg4 34. Nd2 b5 35. f3 Rg5 36. Rd1 Re5+ 37. Ne4+ Kc4 38. Rd4+ Kb3 39. Rb4+ Kc2 40. f4 Rh5 41. Ng5 c6 42. Rd4 Kxb2 43. Rxd6 Kxa3 44. Rxc6 a5 45. Rxg6 Kb3 46. Kd3 Rh1 47. Rb6 Rd1+ 48. Ke2 Rd5 49. Ne4 a4 50. Rc6 a3 51. c4 Rd4 52. Nc5+ Kb2 53. cxb5 1-0

[Event "Charleville Mezieres op 5th"]
[Site "Charleville Mezieres"]
[Date "2008.??.??"]
[Round "5"]
[White "Halfaoui, Eddine"]
[Black "Matschek, Norbert"]
[Result "1/2-1/2"]
[WhiteElo "1867"]
[BlackElo "1766"]
[PlyCount "47"]
[EventDate "2008.12.26"]
[EventType "swiss"]
[EventRounds "7"]
[EventCountry "FRA"]
[SourceTitle "CBM 128 Extra"]
[Source "ChessBase"]
[SourceDate "2009.03.05"]
[SourceVersion "2"]
[SourceVersionDate "2009.03.25"]
[SourceQuality "1"]

1. e4 d6 2. Nf3 g6 3. d4 Bg7 4. Bc4 Nf6 5. Nc3 0-0 6. 0-0 c6 7. e5 dxe5 8. dxe5 Ng4 9. Qxd8 Rxd8 10. Re1 Bf5 11. Bb3 h5 12. Bg5 Kf8 13. h3 Nh6 14. Nh4 Na6 15. Rad1 Nc5 16. Bxh6 Bxh6 17. Nxf5 gxf5 18. e6 Nxb3 19. cxb3 fxe6 20. Rxe6 Rxd1+ 21. Nxd1 Bg7 22. g3 Kf7 23. Re2 Rd8 24. Ne3 1/2-1/2